LDR 00734naa#a2200181#i#450# 001 RU\INFRA-M\bibl\126125 005 20260702001325.4 011 ## _a2500-3321 100 ## _a20260618b2026####ek#y0rusy0150####ca 102 ## _aRU 200 1# _aПроблема синергии философии и науки _eЖурнальная статья 210 1# _aМосква _cОбщество с ограниченной ответственностью «Научно-издательский центр ИНФРА-М» _d2026 215 ## _a10 с. 608 ## _aЖурнальная статья _2local 675 ## _aФилософия. Психология. 1 _z 700 #1 _aЛебедев _gС. А. 700 #1 _aПавлова _gА. А. 856 4# _anaukaru.ru _u